000 00904cam a22002532 4500
001 0000009251
005 20151217145848.0
008 080916s xx 000 0 eng d
020 _a042147470x :
_cKES 8000
040 _aKABU
_cKABU
100 1 _aMegarry, Robert.
_@0000160400
245 1 4 _aThe Law of real property /
_cRobert Megarry and William Wade.
250 _a6th ed. /
_bCharles Harpum with Malcolm Grant and Stuart Bridge.
260 _aLondon :
_bSweet & Maxwell,
_c2000.
300 _acxlix, 1478 p.
650 0 _aReal property
_zEngland.
_@0000160401
700 1 _aWade, William.
_@0000160152
700 1 _aHarpum, Charles.
_@0000160402
852 1 _9p5175 KSH
908 _a080916
950 _@1
999 _c3409
_d3409